Countries that were part of Gran Colombia - Statistics

General Stats
  • This quiz has been taken 67 times
  • The average score is 10 of 12
Answer Stats
Countries % Correct
Brazil
100%
Ecuador
100%
Peru
100%
Panama
98%
Venezuela
98%
Colombia
92%
Guyana
87%
Costa Rica
85%
Nicaragua
83%
Honduras
74%
United States
30%
Dominica
15%
No matching quizzes found
Score Distribution
Percent of People with Each Score
Percentile by Number Answered
Your Score History
You have not taken this quiz